000 00560nam a2200217Ia 4500
003 OSt
005 20230412151208.0
008 210423s2002 xx 000 0 und d
020 _a471392596
040 _cAL
041 _aeng
082 _a371.92
_223
_b SILA
100 _aSILVER (Archie A);HAGIN (Rosa A).
_987191
245 _aDisorders of learning in childhood.
250 _a2
260 _aNew Delhi
_bJohn Wiley & Sons
_c2002
300 _axiv,658
_bPB
365 _b4854
_cINR
906 _achildhood. ; Disorders ; learning
942 _2ddc
_cBK
999 _c157275
_d157275